Building London, saving lives (Record no. 104789)

MARC details
000 -LEADER
fixed length control field 01679cam a2200193 4500
001 - CONTROL NUMBER
control field ##L131589
008 - FIXED-LENGTH DATA ELEMENTS--GENERAL INFORMATION
fixed length control field 110922n2005 000 0 eng u
035 ## - SYSTEM CONTROL NUMBER
System control number (Sirsi) u131589
041 0# - LANGUAGE CODE
Language code of text/sound track or separate title eng
110 2# - MAIN ENTRY--CORPORATE NAME
Corporate name or jurisdiction name as entry element London
Subordinate unit Greater London Authority
-- London Assembly
-- Health and Public Services Committee
9 (RLIN) 4790
245 00 - TITLE STATEMENT
Title Building London, saving lives
Remainder of title improving health and safety in construction
260 ## - PUBLICATION, DISTRIBUTION, ETC.
Place of publication, distribution, etc. London
Name of publisher, distributor, etc. Greater London Assembly
Date of publication, distribution, etc. 2005
300 ## - PHYSICAL DESCRIPTION
Extent 43p.
520 ## - SUMMARY, ETC.
Summary, etc. This report states that construction is the most dangerous industry in London; although employing only 5% of the workforce, it accounts for 50% of work-related fatalities and 20% of major injuries. Whilst acknowledging that the UK government and the industry have taken measures to reduce the number of accidents, more still needs to be done. It argues that public sector contracts should be awarded only to those contractors who can demonstrate high health and safety standards. Other recommendations include better resourcing of the HSE constructions inspection team, more safety representatives on site, linking occupational health medicals and the GP system, and the introduction of skills and language training for the growing numbers of the workforce for whom English is not their first language. It also urges the Olympic Procurement Authority to ensure that construction contracts place strong emphasis on health and safety.
590 ## - LOCAL NOTE (RLIN)
Local note IKA221105
690 ## - LOCAL SUBJECT ADDED ENTRY--TOPICAL TERM (OCLC, RLIN)
Topical term or geographic name as entry element MANAGEMENT-HEALTH AND SAFETY-HEALTH AND SAFETY RISK MANAGEMENT
856 40 - ELECTRONIC LOCATION AND ACCESS
Uniform Resource Identifier <a href="https://legacy.london.gov.uk/assembly/reports/health/construction.pdf">https://legacy.london.gov.uk/assembly/reports/health/construction.pdf</a>
Public note View the item free of charge at http://legacy.london.gov.uk
942 ## - ADDED ENTRY ELEMENTS (KOHA)
Suppress in OPAC 0
Holdings
Withdrawn status Lost status Source of classification or shelving scheme Damaged status Not for loan Home library Current library Shelving location Date acquired Total Checkouts Full call number Barcode Date last seen Copy number Price effective from Koha item type
    Dewey Decimal Classification     Virtual Virtual Online 17/11/2005   ONLINE PUBLICATION 131589-1001 06/08/2019 1 06/08/2019 Book